Supreme court yearly digest 2001. (Record no. 619038)

MARC details
000 -LEADER
fixed length control field 00493nam a2200169 a 4500
008 - FIXED-LENGTH DATA ELEMENTS--GENERAL INFORMATION
fixed length control field 260407s2026##################000#0#eng##
020 ## - INTERNATIONAL STANDARD BOOK NUMBER
ISBN 9788170121909
082 04 - DEWEY DECIMAL CLASSIFICATION NUMBER
Classification number 348.54044605 SUR
100 ## - MAIN ENTRY--AUTHOR NAME
Personal name Malik, Surendra
245 10 - TITLE STATEMENT
Title Supreme court yearly digest 2001.
Statement of responsibility, etc /by Surendra Malik and Sumeet Malik.
250 ## - EDITION STATEMENT
Edition statement 1st ed Reprint
260 ## - PUBLICATION, DISTRIBUTION, ETC. (IMPRINT)
Place of publication New delhi:
Name of publisher Eastern Book compony,
Year of publication 2002.
300 ## - PHYSICAL DESCRIPTION
Number of Pages ccxxxii; 914 p
Dimensions 20 cm.
650 ## - SUBJECT ADDED ENTRY--TOPICAL TERM
Topical Term Law
942 ## - ADDED ENTRY ELEMENTS (KOHA)
Koha item type English Books
Holdings
Withdrawn status Lost status Damaged status Not for loan Home library Current library Shelving location Date acquired Full call number Accession Number Price effective from Koha item type
        Anna Centenary Library Anna Centenary Library 4TH FLOOR, A WING 07.04.2026 348.54044605 SUR 114524 07.04.2026 English Books

Find us on the map